[Event "Boris Kostic CC-ch"]
[Site "Vrsac"]
[Date "2018.03.31"]
[Round "18"]
[White "Voina, Pau"]
[Black "Petrovic, Lazar"]
[Result "1/2-1/2"]
[WhiteElo "2038"]
[BlackElo "2148"]
[PlyCount "69"]
[EventDate "2018.03.01"]
[EventType "tourn"]
[EventRounds "18"]
[EventCountry "SRB"]
[SourceTitle "EXT 2019"]
[Source "ChessBase"]
[SourceDate "2018.10.10"]
[SourceVersion "1"]
[SourceVersionDate "2018.10.10"]
[SourceQuality "1"]

1. e4 c5 2. Nc3 e6 3. Bc4 Nc6 4. a3 Nf6 5. d3 d5 6. exd5 exd5 7. Ba2 Be7 8. h3 0-0 9. Nge2 d4 10. Ne4 Nd5 11. 0-0 Be6 12. f4 Nf6 13. Bxe6 fxe6 14. N2g3 Qd5 15. Re1 Rae8 16. Bd2 h6 17. Qe2 Bd8 18. Rf1 Bc7 19. b3 Re7 20. Rae1 Nd8 21. Qf3 Qc6 22. Nxf6+ Rxf6 23. Ne4 Rf8 24. Qh5 Rf5 25. Qe2 Rf8 26. f5 Ref7 27. f6 Be5 28. fxg7 Bxg7 29. Qh5 e5 30. Qg4 b6 31. Rxf7 Rxf7 32. Ng3 Qe6 33. Qe4 Qc6 34. Qg4 Qe6 35. Qe4 1/2-1/2

[Event "Boris Kostic CC-ch"]
[Site "Vrsac"]
[Date "2018.03.18"]
[Round "11"]
[White "Petrovic, Lazar"]
[Black "Grujic, Slavoljub"]
[Result "1-0"]
[WhiteElo "2148"]
[BlackElo "2124"]
[PlyCount "39"]
[EventDate "2018.03.01"]
[EventType "tourn"]
[EventRounds "18"]
[EventCountry "SRB"]
[SourceTitle "EXT 2019"]
[Source "ChessBase"]
[SourceDate "2018.10.10"]
[SourceVersion "1"]
[SourceVersionDate "2018.10.10"]
[SourceQuality "1"]

1. d4 d5 2. Nf3 Nf6 3. c4 e6 4. Bg5 Be7 5. Nc3 c6 6. e3 0-0 7. Bd3 Nbd7 8. Qc2 h6 9. Bh4 Re8 10. 0-0 b6 11. e4 dxe4 12. Nxe4 Bb7 13. Nxf6+ Nxf6 14. Rad1 Rc8 15. Qe2 Nd7 16. Bg3 Nf8 17. Ne5 Bh4 18. Qh5 Bf6 19. Qxf7+ Kh8 20. Qxb7 1-0

[Event "Boris Kostic CC-ch"]
[Site "Vrsac"]
[Date "2018.03.12"]
[Round "8"]
[White "Mitrovanov, Djordje"]
[Black "Petrovic, Lazar"]
[Result "0-1"]
[WhiteElo "2151"]
[BlackElo "2148"]
[PlyCount "64"]
[EventDate "2018.03.01"]
[EventType "tourn"]
[EventRounds "18"]
[EventCountry "SRB"]
[SourceTitle "EXT 2019"]
[Source "ChessBase"]
[SourceDate "2018.10.10"]
[SourceVersion "1"]
[SourceVersionDate "2018.10.10"]
[SourceQuality "1"]

1. e4 c5 2. Nf3 d6 3. d4 cxd4 4. Nxd4 Nf6 5. Nc3 a6 6. Bg5 e6 7. f4 Nbd7 8. Bc4 b5 9. Bxe6 fxe6 10. Nxe6 Qa5 11. Nxf8 Rxf8 12. Qxd6 Qb6 13. 0-0-0 Qxd6 14. Rxd6 h6 15. Bh4 Bb7 16. e5 Ng8 17. Rhd1 Nc5 18. Nd5 Bxd5 19. R1xd5 Rxf4 20. Be1 Rc8 21. b4 Ne4 22. Rxa6 Ne7 23. Rd4 Nf5 24. g3 Nxd4 25. gxf4 Rxc2+ 26. Kd1 Rb2 27. Kc1 Rxh2 28. Ra8+ Kf7 29. Ra3 Re2 30. Kd1 Rxe1+ 31. Kxe1 Nc2+ 32. Ke2 Nxa3 0-1

[Event "EU-ch U14 26th"]
[Site "Prague"]
[Date "2016.08.27"]
[Round "9"]
[White "Petrovic, Lazar"]
[Black "Marko, Pirro"]
[Result "1/2-1/2"]
[WhiteElo "1650"]
[BlackElo "1441"]
[PlyCount "100"]
[EventDate "2016.08.18"]
[EventType "swiss"]
[EventRounds "9"]
[EventCountry "CZE"]
[SourceTitle "CBM 174 Extra"]
[Source "ChessBase"]
[SourceDate "2016.10.10"]
[SourceVersion "1"]
[SourceVersionDate "2016.10.10"]
[SourceQuality "1"]

1. d4 d5 2. Nf3 Nf6 3. Bf4 e6 4. e3 Bd6 5. Bg3 0-0 6. Be2 Qe7 7. 0-0 Nbd7 8. c4 c5 9. cxd5 Nxd5 10. Nc3 Nxc3 11. bxc3 Bxg3 12. hxg3 Rd8 13. Qb3 b6 14. a4 a5 15. Bb5 Ba6 16. Rfb1 Bxb5 17. Qxb5 Rab8 18. Rc1 Rdc8 19. Rab1 Qd6 20. Rd1 Qc6 21. Qxc6 Rxc6 22. d5 exd5 23. Rxd5 Nf6 24. Rd3 Kf8 25. Rbd1 Ke7 26. Ne5 Rc7 27. Rd6 Kf8 28. Nc6 Rbc8 29. Rd8+ Rxd8 30. Rxd8+ Ne8 31. Ne5 f6 32. Nc4 Rb7 33. Nd6 Re7 34. c4 Re6 35. Rxe8+ Rxe8 36. Nxe8 Kxe8 37. Kf1 Ke7 38. Ke2 Kd6 39. Kd3 Ke5 40. g4 g6 41. f4+ Ke6 42. g3 h6 43. Ke4 Kd6 44. Kd3 g5 45. Ke4 Ke6 46. Kd3 Kd6 47. e4 Kd7 48. e5 fxe5 49. fxe5 Ke7 50. Ke3 Kd7 1/2-1/2

[Event "EU-ch U14 26th"]
[Site "Prague"]
[Date "2016.08.24"]
[Round "6"]
[White "Gatt, Matthias"]
[Black "Petrovic, Lazar"]
[Result "0-1"]
[WhiteElo "1475"]
[BlackElo "1650"]
[PlyCount "106"]
[EventDate "2016.08.18"]
[EventType "swiss"]
[EventRounds "9"]
[EventCountry "CZE"]
[SourceTitle "CBM 174 Extra"]
[Source "ChessBase"]
[SourceDate "2016.10.10"]
[SourceVersion "1"]
[SourceVersionDate "2016.10.10"]
[SourceQuality "1"]

1. d4 d5 2. c4 e6 3. Nc3 Nf6 4. Bf4 Bd6 5. Bxd6 Qxd6 6. e3 0-0 7. Nf3 b6 8. Be2 Bb7 9. 0-0 Qe7 10. a3 dxc4 11. Bxc4 Nbd7 12. Bd3 c5 13. dxc5 Nxc5 14. Bc2 Rfd8 15. Qe2 Ba6 16. Nb5 Qe8 17. a4 Bxb5 18. axb5 Rd7 19. Rfd1 Rad8 20. Rxd7 Qxd7 21. Qd1 Qxd1+ 22. Rxd1 Rxd1+ 23. Bxd1 Nd3 24. b3 Ne4 25. Nd4 Nb4 26. Be2 Kf8 27. Bc4 Nd2 28. f4 Nxc4 29. bxc4 Ke7 30. Kf1 Kd6 31. Nb3 Nd3 32. Ke2 Nb2 33. Kd2 Nxc4+ 34. Kd3 Na3 35. Kc3 Nxb5+ 36. Kb4 a6 37. e4 e5 38. f5 g6 39. g4 gxf5 40. gxf5 Nd4 41. Nd2 a5+ 42. Kc4 b5+ 43. Kc3 Kc5 44. Nb1 b4+ 45. Kd3 a4 46. h4 a3 47. Nxa3 bxa3 48. Kc3 Nb5+ 49. Kb3 Kd4 50. h5 Kxe4 51. f6 Kf5 52. h6 Kxf6 53. Ka2 e4 0-1

[Event "Skopje Karposh op"]
[Site "Skopje"]
[Date "2014.03.30"]
[Round "3"]
[White "Mattes, Heinz"]
[Black "Petrovic, Lazar"]
[Result "1-0"]
[WhiteElo "2043"]
[BlackElo "1707"]
[PlyCount "55"]
[EventDate "2014.03.29"]
[EventType "swiss"]
[EventRounds "9"]
[EventCountry "MKD"]
[SourceTitle "CBM 159 Extra"]
[Source "ChessBase"]
[SourceDate "2014.04.24"]
[SourceVersion "1"]
[SourceVersionDate "2014.04.24"]
[SourceQuality "1"]

1. d4 d5 2. Nf3 Nf6 3. e3 Bf5 4. c4 Bxb1 5. Rxb1 e6 6. c5 c6 7. Bd3 g6 8. 0-0 Bg7 9. b4 b6 10. cxb6 axb6 11. Qc2 0-0 12. Bd2 b5 13. Rfc1 Qc7 14. Bxb5 Rc8 15. a4 Ra7 16. Bd3 Nbd7 17. a5 Bf8 18. h3 e5 19. dxe5 Nxe5 20. Nxe5 Qxe5 21. b5 c5 22. b6 Rd7 23. a6 Qb8 24. Bc3 Ne8 25. Qa4 Rcd8 26. a7 Qa8 27. Bb5 Re7 28. Bc6 1-0

[Event "Vojvodina-chT2"]
[Site "Vrbas"]
[Date "2011.09.26"]
[Round "2"]
[White "Petrovic, Lazar"]
[Black "Subotic, Srbislav"]
[Result "1-0"]
[WhiteElo "2113"]
[BlackElo "2177"]
[PlyCount "47"]
[EventDate "2011.09.25"]
[EventType "team-tourn"]
[EventRounds "11"]
[EventCountry "SRB"]
[SourceTitle "CBM 144 Extra"]
[Source "ChessBase"]
[SourceDate "2011.10.28"]
[SourceVersion "1"]
[SourceVersionDate "2011.10.28"]
[SourceQuality "1"]

1. d4 Nf6 2. c4 c5 3. Nf3 cxd4 4. Nxd4 e6 5. Nc3 Bb4 6. Qc2 Nc6 7. e3 d5 8. a3 Be7 9. cxd5 Nxd4 10. exd4 exd5 11. Bd3 0-0 12. 0-0 Be6 13. Bf4 Rc8 14. Qe2 a6 15. Rfe1 Re8 16. Rac1 Qd7 17. Be5 Ng4 18. Bf4 Bf6 19. h3 g5 20. Bd2 Bf5 21. Bxf5 Rxe2 22. Bxd7 Rxd2 23. Bxc8 Nxf2 24. Re2 1-0